| 000 | 00818na a2200265 4500 | ||
|---|---|---|---|
| 001 | 13307 | ||
| 003 | MIRAKIL | ||
| 005 | 20181213154809.0 | ||
| 008 | 161011b tu 000 0 | ||
| 020 | _a9789944017237 | ||
| 035 | _a13307 | ||
| 040 |
_aMilas _btur _cTR-AnCHP |
||
| 041 | _atur | ||
| 082 |
_a338.9561 _bF54t 2011 |
||
| 090 | _a338.9561 F54t 2011 | ||
| 100 | _aFiliztekin, Alpay | ||
| 245 |
_aTürkiye'de bölgesel kalkınma _bFarklılıklar, bağlantılar ve yeni bir mekanizma tasarımı _cAlpay Filiztekin, Mehmet Barlo, Özgür Kıbrıs |
||
| 260 |
_aİstanbul _bTÜRKONFED _c2011 |
||
| 300 |
_a144 s. _c30 sm. |
||
| 650 |
_aEkonomi _xBölgesel kalkınma |
||
| 650 |
_aEkonomi politikaları _xBüyüme ve gelişme |
||
| 700 | _aKıbrıs, Özgür | ||
| 700 | _aBarlo, Mehmet | ||
| 942 |
_2dcc _cBKS |
||
| 999 |
_c1006 _d1006 |
||